L'Azerbaïdjan pour les touristes... - Statistiques

Statistiques générales
  • Ce quiz a été pris 12 fois
  • Le résultat moyen est 8 sur 20
Statistiques - réponses
Question Indice Réponses % Correct
Code sur les plaques minéralogiques AZ
100%
Le suffixe internet est az
100%
Quelle est la langue officielle ? Azéri
83%
Le principal aéroport est B Bakou
75%
Quelles sont les principaux lieux touristiques ? B Vieille ville de {Bakou}
75%
Achats à faire 4/ Tasses à Thé
67%
La religion majoritaire est Islam
58%
Dans la capitale quel est le décalage horaire avec Paris ? (+ ou - et chiffre) ex - 10 ou + 3,5 + 2
50%
Combien d'heures (environ) mettrez-vous pour vous y rendre ? (en chiffres) 5
50%
Achats à faire 1/ Oeufs de poisson Caviar
50%
Achats à faire 2/ Produit avec du raisin Vin
50%
Quel est le régime du pays ? R P République présidentielle
17%
Comment se nomme la principale compagnie aérienne locale A A Azerbaijan Airlines
8%
Quelles sont les principaux lieux touristiques ? G {Gandja}
8%
Quelles sont les principaux lieux touristiques ? T Musée national du {Tapis}
8%
Quel est le climat local ? S Subtropical
8%
Achats à faire 3/ Chaussures locales Charyks
0%
Quelle est la monnaie ? Manat azerbaïdjanais
0%
B-H Mosquée {Bibl-Heybat}
0%
Quelles sont les principaux lieux touristiques ? Y {Yanar} dag
0%
Aucun quiz correspondant
Distribution des résultats
% des personnes avec chaque résultat
Percentile par nombre de réponses
Votre historique - résultats
Vous n’avez pas pris ce quiz